| 000 | 00361cam a2200145ua 4500 | ||
|---|---|---|---|
| 003 | OSt | ||
| 008 | 250813b |||||||| |||| 00| 0 eng d | ||
| 041 | _aeng | ||
| 082 |
_a627.02 _bSHA/AG |
||
| 100 | _aSharma, Premjith . | ||
| 245 | 0 | 0 | _aAgricultural water management / |
| 260 |
_aNew Delhi : _bGene tech Books , _c2007. |
||
| 300 |
_a302 ; _e`. |
||
| 942 | _cBK | ||
| 999 |
_c13094 _d13094 |
||